Normal view
MARC view
Entry Personal Name
001 - CONTROL NUMBER
- control field: 16575
003 - CONTROL NUMBER IDENTIFIER
- control field: dpl
005 - DATE AND TIME OF LATEST TRANSACTION
- control field: 20100825143358.0
008 - FIXED-LENGTH DATA ELEMENTS
- fixed length control field: 100825|||a|||||| | ||| d
040 ## - CATALOGING SOURCE
- Original cataloging agency: dpl
- Transcribing agency: dpl
100 ## - HEADING--PERSONAL NAME
- Personal name: नादान, मुकेश
670 ## - SOURCE DATA FOUND
- Source citation: Work cat.: (dpl)34572: नादान, मुकेश, भारत के महान क्रान्तिकारी /, 2009
670 ## - SOURCE DATA FOUND
- Source citation: Work cat.: (dpl)34572: नादान, मुकेश, भारत के महान क्रान्तिकारी /, 2009
